|
|
|
|
| LEADER |
01932nam a2200313 a 4500 |
| 001 |
31684 |
| 003 |
BD-DhAAL |
| 005 |
20230124154109.0 |
| 008 |
170516r20172011bg ||||| |||| 00| 1 ben d |
| 020 |
|
|
|a 9789845021076
|
| 040 |
|
|
|a BD-DhAAL
|b BD-DhAAL
|
| 041 |
|
|
|a ben
|
| 082 |
|
|
|2 23
|a 891.44371
|
| 100 |
|
|
|a আহমেদ, হুমায়ূন
|9 21569
|
| 245 |
|
|
|a বাদশাহ নামদার /
|c হুমায়ূন আহমেদ
|
| 246 |
|
|
|a Badsha Namder
|
| 260 |
|
|
|a ঢাকা :
|b অন্যপ্রকাশ,
|c ২০১৩ [সপ্তম মুদ্রণ ২০১৭];
|c ২০১১ [অষ্টম মুদ্রণ ২০২১]
|
| 300 |
|
|
|a ২৩০ পৃষ্ঠা ;
|c ১৯ সে.মি.
|
| 526 |
|
|
|a AAL
Residential Campus
GenEd (Residential Campus)
|
| 541 |
|
|
|a Development Book Agency
|e 31684, 31685, 34838, 40704
|
| 650 |
|
|
|a Bengali fiction
|z Bangladesh
|9 21570
|
| 650 |
|
|
|a Bengali Literature.
|
| 852 |
|
|
|a Ayesha Abed Library
|c General Stacks
|
| 942 |
|
|
|2 ddc
|c BK
|
| 999 |
|
|
|c 38049
|d 38049
|
| 952 |
|
|
|0 0
|1 4
|2 ddc
|4 0
|6 891_443710000000000_AHM
|7 0
|8 FIC
|9 60193
|a BRACUL
|b BRACUL
|c GEN
|d 2017-04-13
|e Paragon Enterprises
|g 352.00
|l 7
|m 37
|o 891.44371 AHM
|p 3010031685
|r 2018-05-17
|s 2018-05-14
|t 2
|v 352.00
|w 2017-04-13
|y BK
|x Koha Inventory 2020
|
| 952 |
|
|
|0 0
|1 4
|2 ddc
|4 0
|6 891_443710000000000_AHM
|7 0
|8 FIC
|9 60194
|a BRACUL
|b BRACUL
|c GEN
|d 2017-04-13
|e Paragon Enterprises
|g 352.00
|l 0
|o 891.44371 AHM
|p 3010031684
|r 2017-04-13
|t 1
|v 352.00
|w 2017-04-13
|y BK
|x Koha Inventory 2020
|
| 952 |
|
|
|0 0
|1 0
|2 ddc
|4 0
|6 891_443710000000000_AHM
|7 0
|8 FIC
|9 65685
|a SCL
|b SCL
|c GEN
|d 2019-07-17
|e Development Book Agency
|g 352.00
|l 18
|m 43
|o 891.44371 AHM
|p 3020034838
|r 2026-04-06
|s 2026-03-31
|t 3
|v 352.00
|w 2019-07-17
|y BK
|
| 952 |
|
|
|0 0
|1 0
|2 ddc
|4 0
|6 891_443710000000000_AHM
|7 0
|8 FIC
|9 72796
|a SCL
|b SCL
|c GEN
|d 2023-01-06
|e Development Book Agency
|g 396.00
|l 14
|m 36
|o 891.44371 AHM
|p 3020040704
|r 2025-12-14
|s 2025-11-30
|t 4
|v 396.00
|w 2023-01-06
|y BK
|